| 000 | 00555nam a2200181 i 4500 | ||
|---|---|---|---|
| 001 | 110538 | ||
| 003 | ES-MaACL | ||
| 005 | 20230906185058.0 | ||
| 007 | t| | ||
| 008 | 070130s1895 fr ||||1| fre d | ||
| 080 | _a821.133.1-2"18" | ||
| 100 | 1 |
_aCoppée, François. _940420 |
|
| 245 | 1 | 0 |
_aPour la Couronne _b: drame en cinq actes, en vers / _cFrançois Coppée. |
| 260 |
_aParis : _bLibrairie Alphonse Lemerre, _c[1895?] |
||
| 300 |
_a119 p. ; _c19 cm. |
||
| 500 | _aBiblioteca Jacinto Martínez Lacalle. | ||
| 852 |
_aES-MaACL _jE-11568 _bR.139584 |
||
| 999 |
_c110538 _d110538 |
||